=LDR 00000nam 2200000 4500 =001 INLIS000000000059026 =005 20211021072646 =035 ##$$a 0010-1021000474 =007 ta =008 211021###########################0#ind## =020 ##$$a 979-25-2735-4 =082 ##$$a R.915.982 03 =084 ##$$a R.915.982 03 Pur e =245 1#$$a Ensiklopedi Adat - Istiadat Budaya Jawa /$c Dr. Purwadi, M. Hum =300 ##$$a 642 halaman : $b ilustrasi ; $c 21 cm =650 #4$$a Jawa - Kebudayaan Sosial dan Adat Istiadat - Ensiklopedi =264 ##$$a yogyakarta :$b Panji Pustaka,$c 2007 =336 ##$$a teks$2 rdacontent =337 ##$$a lain-lain$2 rdamedia =338 ##$$a lain-lain$2 rdacarrier =990 ##$$a 22042204